[Event "Essent Open"]
[Site "Hoogeveen NED"]
[Date "2005.10.22"]
[Round "2"]
[White "Negi,P"]
[Black "Goloshchapov,A"]
[Result "1/2-1/2"]
[WhiteElo "2352"]
[BlackElo "2523"]

1.e4 e5 2.Nf3 Nc6 3.Bb5 a6 4.Ba4 Nf6 5.O-O b5 6.Bb3 Bb7 7.d4 Nxd4 8.Bxf7+ Kxf7
9.Nxe5+ Kg8 10.Qxd4 Qe8 11.Nf3 Qxe4 12.Bf4 Qxd4 13.Nxd4 Nd5 14.Bg3 Bc5 15.Nb3 Bb6
16.N1d2 d6 17.a4 Nb4 18.axb5 axb5 19.c4 Nd3 20.cxb5 Rxa1 21.Rxa1 Bd5 22.Na5 Kf7
23.Nac4 Bd4 24.b6 cxb6 25.Nxd6+ Kg6 26.N2c4 Nxb2 27.Ne5+ Bxe5 28.Bxe5 Nd3
29.Rd1 Nxe5 30.Rxd5 Rd8 31.f4 Nf7 32.Nf5 Kf6 33.Rb5 Nd6 34.Nxd6 Rxd6 35.Kf2 Ke6
36.Ke3 Kd7 37.g4 Kc6 38.Rb1 b5 39.f5 Kc5 40.Rc1+ Kb6 41.g5 b4 42.Rf1 Kc5
43.f6 gxf6 44.gxf6 Re6+ 45.Kd3 Re8 46.f7 Rf8 47.Rf5+ Kd6 48.Kc4 Ke6 49.Rf2 Rxf7
50.Rxf7 Kxf7 51.Kxb4  1/2-1/2

[Event "Essent Open"]
[Site "Hoogeveen NED"]
[Date "2005.10.26"]
[Round "6"]
[White "Habu,Y"]
[Black "Van Veen,O"]
[Result "1-0"]
[WhiteElo "2341"]
[BlackElo "2216"]

1.e4 e5 2.Nf3 Nc6 3.Bb5 a6 4.Ba4 Nf6 5.O-O b5 6.Bb3 Bb7 7.d3 Bc5 8.a4 O-O
9.Nc3 Na5 10.Ba2 b4 11.Nd5 Nxd5 12.exd5 Qf6 13.c3 b3 14.Bxb3 Nxb3 15.Qxb3 Rab8
16.Ng5 Qd6 17.Ne4 Bxd5 18.Qxb8 Bxe4 19.Qb3 Ba8 20.d4 exd4 21.cxd4 Bxd4 22.Be3 Qg6
23.f3 Be5 24.Rad1 Bd6 25.Qc4 Qe6 26.Qxe6 fxe6 27.Rc1 Rb8 28.Bc5 Bc6 29.Bxd6 cxd6
30.Rfd1 d5 31.Rd2 Bxa4 32.Rc7 Kf7 33.Rd4 Bc6 34.Ra7 Rxb2 35.Rxa6 e5 36.Rd1 d4
37.Raa1 Rb5 38.Rab1 Ra5 39.Ra1 Rb5 40.Rab1 Ra5 41.Ra1 Rd5 42.Kf2 Kf6 43.Rab1 g5
44.Ke2 h5 45.Rb8 Rc5 46.Rf8+ Kg7 47.Rf5 Kg6 48.Rf8 Kg7 49.Rf5 Kg6 50.Rf8 Bd5
51.Kd2 Be6 52.Ra1 Rb5 53.Kc2 Rc5+ 54.Kd2 Rb5 55.Kc2 Bf5+ 56.Kc1 Rc5+ 57.Kd1 Bc2+
58.Kd2 Bb3 59.Ra6+ Be6 60.Raa8 Rc3 61.Rac8 Re3 62.Rb8  1-0

[Event "TCh-NED 2005-6"]
[Site "Netherlands NED"]
[Date "2005.11.05"]
[Round "3"]
[White "Van Haastert,E"]
[Black "Janssen,Ru"]
[Result "1/2-1/2"]
[WhiteElo "2398"]
[BlackElo "2492"]

1.e4 e5 2.Nf3 Nc6 3.Bb5 a6 4.Ba4 Nf6 5.O-O b5 6.Bb3 Bb7 7.c3 Nxe4 8.d4 Na5
9.Nxe5 Nxb3 10.Qxb3 Nd6 11.a4 Be7 12.Re1 O-O 13.Nd2 Bf6 14.Nf1 Rb8 15.axb5 axb5
16.Bf4 b4 17.c4 Nf5 18.d5 d6 19.Nf3 Bc8 20.Ra4 g5 21.Bc1 g4 22.N3d2 Nd4 23.Qd1 Bg7
24.Nb3 Bd7 25.Ra2 Nxb3 26.Qxb3 Re8 27.Be3 f5 28.Rd1 Be5 29.Ra7 f4 30.Bd4 Bxd4
31.Rxd4 Qf6 32.Qd1 Re7 33.Rxc7 f3 34.Ra7 fxg2 35.Ne3 Rbe8 36.b3 h5 37.Ra2 h4
38.Nxg2 Qf3 39.Qxf3 gxf3 40.Ne3 Rg7+ 41.Kh1 Bh3 42.Rxh4 Bg2+  1/2-1/2

[Event "WJun Girls"]
[Site "Instanbul TUR"]
[Date "2005.11.14"]
[Round "6"]
[White "Karavade,E"]
[Black "Nadig,K"]
[Result "1/2-1/2"]
[WhiteElo "2348"]
[BlackElo "2224"]

1.e4 e5 2.Nf3 Nc6 3.Bb5 a6 4.Ba4 Nf6 5.O-O b5 6.Bb3 Bb7 7.Re1 Bc5 8.c3 d6
9.d4 Bb6 10.Be3 O-O 11.Nbd2 h6 12.h3 exd4 13.cxd4 Nb4 14.Qb1 c5 15.a3 Nc6
16.e5 dxe5 17.dxc5 Bc7 18.Rd1 Na5 19.Ba2 Bd5 20.b4 Nc6 21.Nf1 Bxa2 22.Rxa2 Qe7
23.Nh4 e4 24.Nf5 Qe6 25.Nd6 Ne5 26.Rad2 Nc4 27.Nxc4 Qxc4 28.Bd4 Qe6 29.Bxf6 gxf6
30.Rd7 Be5 31.R1d5 f5 32.Ne3 Rae8 33.c6 Qxc6 34.Nxf5 Qe6 35.g4 h5 36.Qc1 Qf6
37.Kg2 hxg4 38.hxg4 Qg6 39.Qd1 Qg5  1/2-1/2

[Event "USCL Playoffs"]
[Site "ICC INT"]
[Date "2005.11.23"]
[Round "2"]
[White "Kaufman,La"]
[Black "Lugo,B"]
[Result "1-0"]
[WhiteElo "2349"]
[BlackElo "2406"]

1.e4 e5 2.Nf3 Nc6 3.Bb5 a6 4.Ba4 Nf6 5.O-O b5 6.Bb3 Bb7 7.c3 h6 8.d4 d6 9.Qe2 g6
10.a4 Bg7 11.dxe5 dxe5 12.Rd1 Qb8 13.Be3 O-O 14.Nbd2 bxa4 15.Bxa4 Qc8 16.Qc4 Nd8
17.Bc5 Nh5 18.Bxf8 Kxf8 19.Nb3 Qg4 20.Qxc7 Bf6 21.Nxe5 Bxe5 22.Qxe5 Kg8 23.Bd7 Qe2
24.Nc5 Nc6 25.Qc7 Rf8 26.Nxb7 Nb8 27.Bh3 g5 28.Rd8 g4 29.Rxf8+  1-0

[Event "ch-ROM"]
[Site "Baile Tusnad ROM"]
[Date "2005.12.04"]
[Round "9"]
[White "Manea,A"]
[Black "Sofronie,I"]
[Result "0-1"]
[WhiteElo "2307"]
[BlackElo "2434"]

1.e4 e5 2.Nf3 Nc6 3.Bb5 a6 4.Ba4 Nf6 5.O-O b5 6.Bb3 Bb7 7.d3 Bc5 8.a4 d6
9.Nc3 b4 10.Nd5 Na5 11.Nxf6+ Qxf6 12.Ba2 Bc8 13.Ne1 O-O 14.Be3 Be6 15.Bxc5 dxc5
16.Bxe6 fxe6 17.Qd2 Qe7 18.Nf3 Qd6 19.Rfd1 Rad8 20.Qe2 Rd7 21.Rd2 Nc6 22.Qe3 Rdf7
23.c3 Na5 24.Rad1 h6 25.cxb4 cxb4 26.Rc2 Nb3 27.Rc4 Rxf3 28.gxf3 Nd4 29.Kh1 Nxf3
30.Qa7 Rf7 31.Qb8+ Kh7 32.Qe8 Rf8 33.Qh5 c5 34.Kg2 Nd4 35.Rg1 Rf6 36.Kh1 Nf3
37.Rd1 Rf4 38.Qe8 Rf8 39.Qh5 Qe7 40.Qh3 Rf4 41.Rdc1 Qf6 42.Qg3 Nd4 43.Rf1 Rf3
44.Qg2 Nb3 45.Rc2 a5 46.Re2 Rxd3 47.Re3 c4 48.Rxd3 cxd3 49.Qh3 Nc5 50.Qe3 Qe7
51.b3 Qd6 52.Rd1 Qd4 53.Kg2 Qxe3 54.fxe3 Nxb3 55.Rxd3 Nc5 56.Rd8 Nxa4 57.Rb8 Nc3
58.Kf3 Kg6 59.Rb7 Kf6 60.h3 g6 61.Kf2 Kg5 62.Ke1 h5 63.Kd2 Nxe4+ 64.Kc2 h4
65.Rb5 Kf5 66.Rxa5 Nf2 67.Kd2 Nxh3 68.Rb5 Nf2 69.Rxb4 h3 70.Rb8 Kg4  0-1

[Event "Bundesliga 2005-6"]
[Site "Katernberg GER"]
[Date "2005.12.11"]
[Round "6"]
[White "Erenburg,S"]
[Black "Gschnitzer,O"]
[Result "1-0"]
[WhiteElo "2582"]
[BlackElo "2427"]

1.e4 e5 2.Nf3 Nc6 3.Bb5 a6 4.Ba4 Nf6 5.O-O b5 6.Bb3 Bb7 7.d3 Bc5 8.a4 d6
9.Nc3 b4 10.Nd5 Na5 11.Ba2 Nxd5 12.Bxd5 O-O 13.Bxb7 Nxb7 14.c3 bxc3 15.bxc3 Bb6
16.d4 Re8 17.Re1 Na5 18.Qd3 c5 19.Bg5 f6 20.Be3 c4 21.Qc2 Nb3 22.Rad1 Qc7
23.Nh4 g6 24.dxe5 dxe5 25.Bxb6 Qxb6 26.Qe2 Qc6 27.Rd5 Rad8 28.Red1 Rxd5 29.Rxd5 Qxa4
30.Qg4 Kf7 31.g3 Qc6 32.Nf5 gxf5 33.Qxf5 Nc5 34.Qxh7+ Kf8 35.h4 Re7 36.Qh6+ Kf7
37.h5 Nxe4 38.Rd8 Ke6 39.Qg6 Ng5 40.Rf8 Qf3 41.Qg8+ Nf7 42.Rb8 Qxh5 43.Qc8+ Kd5
44.Rb6 Qd1+ 45.Kg2 Ke4 46.Qc6+ Kd3 47.Qd5+ Kc2 48.Qxc4 Rd7 49.Qa4+ Kxc3 50.Qc6+  1-0

[Event "ch-RUS Superfinal"]
[Site "Moscow RUS"]
[Date "2005.12.26"]
[Round "7"]
[White "Jakovenko,D"]
[Black "Tomashevsky,E"]
[Result "1-0"]
[WhiteElo "2644"]
[BlackElo "2564"]

1.e4 e5 2.Nf3 Nc6 3.Bb5 a6 4.Ba4 Nf6 5.O-O b5 6.Bb3 Bb7 7.d3 Be7 8.Re1 O-O
9.Nbd2 h6 10.a4 Re8 11.c3 Bf8 12.Ba2 d6 13.axb5 axb5 14.Qb3 Qd7 15.Qxb5 Reb8
16.Qb3 Ra7 17.Qc2 Rba8 18.b4 Ba6 19.Nc4 Bxc4 20.dxc4 Nd8 21.Nd2 c5 22.Nb3 Nc6
23.Bd2 Ra4 24.b5 Ne7 25.Nc1 Qa7 26.Re2 Nc8 27.Rb1 Nb6 28.Bb3 Nxc4 29.Bxa4 Na3
30.b6 Qb7 31.Qb3 Nxb1 32.Be1 Nxe4 33.Ra2 Nbxc3 34.Bxc3 Nxc3 35.Qxc3 Qxb6
36.Bb3 Rc8 37.Qc4 Rc7 38.Ra4 g6 39.g3 Kg7 40.Ne2 Rb7 41.Ba2 Qc6 42.Ra3 Rd7
43.Nc3 Qf3 44.Qa4 Qb7 45.Bd5 Qc7 46.Kg2 Qd8 47.Qb5 Qe7 48.Qb6  1-0

[Event "XXXV Rilton Cup"]
[Site "Stockholm SWE"]
[Date "2005.12.28"]
[Round "2"]
[White "Kurnosov,I"]
[Black "Prakken,G"]
[Result "1-0"]
[WhiteElo "2523"]
[BlackElo "2254"]

1.e4 e5 2.Nf3 Nc6 3.Bb5 a6 4.Ba4 Nf6 5.O-O b5 6.Bb3 Bb7 7.d3 Bc5 8.Nc3 d6
9.a4 b4 10.Nd5 h6 11.Be3 O-O 12.Qd2 Bxe3 13.Nxf6+ Qxf6 14.fxe3 Qd8 15.a5 Rb8
16.Qf2 Bc8 17.Nh4 Be6 18.Ng6 fxg6 19.Bxe6+ Kh7 20.Qxf8 Qxf8 21.Rxf8 Rxf8
22.Ra4  1-0

[Event "XXXV Rilton Cup"]
[Site "Stockholm SWE"]
[Date "2005.12.30"]
[Round "4"]
[White "Jaracz,P"]
[Black "Furhoff,J"]
[Result "1-0"]
[WhiteElo "2492"]
[BlackElo "2354"]

1.e4 e5 2.Nf3 Nc6 3.Bb5 a6 4.Ba4 Nf6 5.O-O b5 6.Bb3 Bb7 7.d3 Be7 8.a3 O-O
9.Nc3 Nd4 10.Nxd4 exd4 11.Ne2 c5 12.Ng3 d5 13.e5 Nd7 14.f4 c4 15.Ba2 f5 16.Ne2 Qb6
17.Kh1 Kh8 18.dxc4 dxc4 19.Nxd4 Rad8 20.c3 Bc5 21.Be3 g5 22.b4 gxf4 23.bxc5 Nxc5
24.Rxf4 Rg8 25.Rf3 Ne4 26.Qc2 f4 27.Rxf4 Nxc3 28.Rg1 Qg6 29.Qxg6 Rxg6 30.Rf2 Ne4
31.Rf4 Nc3 32.Rf7 Bd5 33.Rf2 Ne4 34.Rff1 Nc3 35.Bb1 Rg7 36.Bf5 Rdg8 37.Bh3 Ne4
38.Nf3 Rf7 39.e6  1-0

[Event "XXXV Rilton Cup"]
[Site "Stockholm SWE"]
[Date "2006.01.03"]
[Round "7"]
[White "Berg,E"]
[Black "Furhoff,J"]
[Result "1-0"]
[WhiteElo "2540"]
[BlackElo "2354"]

1.e4 e5 2.Nf3 Nc6 3.Bb5 a6 4.Ba4 Nf6 5.O-O b5 6.Bb3 Bb7 7.Re1 Bc5 8.c3 d6
9.d4 Bb6 10.Bg5 h6 11.Bh4 Qd7 12.a4 O-O-O 13.axb5 axb5 14.Bxf6 gxf6 15.Bd5 Rdg8
16.Kh1 Nd8 17.Bxb7+ Kxb7 18.dxe5 fxe5 19.Nxe5 Qe6 20.Nd3 Nc6 21.Nd2 Rg4 22.f3 Rg5
23.Nf4 Qf6 24.Nd5 Qg6 25.Qe2 Rg8 26.Qxb5 Na5 27.Rxa5 Rxd5 28.Qa6+  1-0

[Event "Masters"]
[Site "Hastings ENG"]
[Date "2006.01.04"]
[Round "8"]
[White "Bobras,P"]
[Black "Prosviriakov,V"]
[Result "1-0"]
[WhiteElo "2563"]
[BlackElo "2387"]

1.e4 e5 2.Nf3 Nc6 3.Bb5 a6 4.Ba4 Nf6 5.O-O b5 6.Bb3 Bb7 7.c3 Nxe4 8.d4 Na5
9.Nxe5 Nxb3 10.Qxb3 Nd6 11.c4 bxc4 12.Nxc4 Nxc4 13.Qxb7 Be7 14.Bf4 O-O 15.Rc1 Bd6
16.Rxc4 Bxf4 17.Qf3 Bh6 18.Nc3 Rb8 19.b3 Re8 20.Rd1 c6 21.g3 Rb6 22.d5 cxd5
23.Nxd5 Rg6 24.Nc7 Rf8 25.Nd5 Re6 26.b4 g6 27.a4 Bg7 28.b5 axb5 29.axb5 Rfe8
30.Nc7 Re1+ 31.Kg2 Rxd1 32.Qxd1 Qc8 33.Qf3 Bd4 34.Qd5 Bb6 35.Nxe8 Qxe8 36.Re4 Qd8
37.Qe5  1-0

[Event "TCh-FIN 2005-6"]
[Site "Helsinki FIN"]
[Date "2006.01.14"]
[Round "6"]
[White "Nevanlinna,R"]
[Black "Sorri,K"]
[Result "1-0"]
[WhiteElo "2318"]
[BlackElo "2286"]

1.e4 e5 2.Nf3 Nc6 3.Bb5 a6 4.Ba4 Nf6 5.O-O b5 6.Bb3 Bb7 7.c3 Be7 8.Re1 O-O
9.d4 d6 10.Nbd2 Nd7 11.Nf1 Na5 12.Bc2 Bf6 13.Ng3 g6 14.a4 Nb6 15.Bh6 Re8
16.d5 Bc8 17.axb5 axb5 18.Qe2 Bd7 19.Bd3 b4 20.cxb4 Nb3 21.Rxa8 Nxa8 22.Qc2 Nd4
23.Nxd4 exd4 24.Rc1 Qb8 25.Bd2 Rc8 26.Ne2 Bb5 27.b3 Bxd3 28.Qxd3 Qa7 29.g3 Re8
30.Kg2 h5 31.f3 Bg7 32.Be1 Rb8 33.b5 Qa3 34.Rd1 Nb6 35.Nxd4 Nd7 36.Qc2 Qc5
37.Qc4 Ra8 38.Bf2 Ra2 39.Qxc5 Nxc5 40.Kg1 Rb2 41.Be1 Bxd4+ 42.Rxd4 Nd7 43.f4 Rb1
44.Kf2 Rb2+ 45.Kf1 Rb1 46.Rc4 Nc5 47.Ke2 Rb2+ 48.Kd1 Rb1+ 49.Ke2 Rb2+ 50.Kf1 Rb1
51.e5 Nd3 52.Rxc7 Rxe1+ 53.Kg2 dxe5 54.b6 e4 55.b7 Re2+ 56.Kh3 Nf2+ 57.Kh4 Ng4
58.b8=Q+ Kg7 59.Qe8 Nh6 60.Qe5+ Kh7 61.Kg5 Rxh2 62.Rc8 Ng8 63.Rxg8 Kxg8  1-0

[Event "Corus B"]
[Site "Wijk aan Zee NED"]
[Date "2006.01.19"]
[Round "5"]
[White "Carlsen,M"]
[Black "Beliavsky,A"]
[Result "1-0"]
[WhiteElo "2625"]
[BlackElo "2626"]

1.e4 e5 2.Nf3 Nc6 3.Bb5 a6 4.Ba4 Nf6 5.O-O b5 6.Bb3 Bb7 7.d3 Bc5 8.Nc3 d6
9.a4 Na5 10.Ba2 b4 11.Ne2 Bc8 12.c3 bxc3 13.bxc3 Bb6 14.Ng3 Be6 15.d4 Bxa2
16.Rxa2 O-O 17.Bg5 exd4 18.Nh5 dxc3 19.Nh4 Kh8 20.Nf5  1-0

[Event "IM"]
[Site "Marianske Lazne CZE"]
[Date "2006.01.24"]
[Round "5"]
[White "Marholev,D"]
[Black "Zvara,P"]
[Result "1-0"]
[WhiteElo "2427"]
[BlackElo "2391"]

1.e4 e5 2.Nf3 Nc6 3.Bb5 a6 4.Ba4 Nf6 5.O-O b5 6.Bb3 Bb7 7.d3 Bc5 8.c3 d6
9.Be3 O-O 10.Nbd2 Qd7 11.Bg5 Kh8 12.Bxf6 gxf6 13.Nh4 Ne7 14.Qf3 f5 15.Nxf5 Nxf5
16.Qxf5 Qxf5 17.exf5 d5 18.Nf3 f6 19.d4 Bd6 20.Rfe1 Rae8 21.Rad1 c6 22.g3 Bc8
23.Bc2 Rg8 24.Kg2 Rg4 25.dxe5 fxe5 26.Nd4 Bd7 27.f3 Rg7 28.Ne2 Rf8 29.g4 Bxf5
30.Bxf5 Rxf5 31.Ng3 Rf8 32.Re2 Bc7 33.a4 Rgf7 34.Nf5 h5 35.h3 Kh7 36.axb5 axb5
37.Ra1 Rg8 38.Ra7 Kg6 39.Ra6 hxg4 40.hxg4 Kg5 41.Rxc6 Rh7 42.Rxc7 Rxc7 43.Rxe5 Rd7
44.Nd4+ Kf6 45.Re6+ Kf7 46.Rb6 Rdd8 47.Rxb5 Rb8 48.Rxd5 Rxb2+ 49.Kg3 Rc8
50.Rf5+ Kg6 51.Nb5 Rc2 52.Rd5 Rb8 53.Rc5 Rc1 54.Rc6+ Kg7 55.Nd4 Rb2 56.Kf4 Rh2
57.Kg5 Rh3 58.c4 Kf7 59.f4 Rd3 60.Rc7+ Ke8 61.Ne6 Rd7 62.Rc8+ Ke7 63.f5 Rg1
64.c5 Ra7 65.Rh8 Rd7 66.c6  1-0

[Event "11th HIT Open A"]
[Site "Nova Gorica SLO"]
[Date "2006.01.27"]
[Round "1"]
[White "Kovacevic,A"]
[Black "Olarasu,G"]
[Result "1-0"]
[WhiteElo "2535"]
[BlackElo "2323"]

1.e4 e5 2.Nf3 Nc6 3.Bb5 a6 4.Ba4 Nf6 5.O-O b5 6.Bb3 Bb7 7.d3 Be7 8.Nc3 O-O
9.Bd2 h6 10.a4 b4 11.Nd5 Bc5 12.a5 Rb8 13.Be3 Nxd5 14.Bxc5 Nde7 15.Nd2 d6
16.Be3 Ng6 17.g3 Nd4 18.Bxd4 exd4 19.Qh5 Qf6 20.f4 c5 21.e5 dxe5 22.fxe5 Qc6
23.Ne4 Rbe8 24.Rf6 Rxe5 25.Qxg6 Qc7 26.Rf4 Bxe4 27.Rxe4 Rg5 28.Qb6 Qd7 29.Qxa6 Qh3
30.Qd6  1-0

[Event "Gibtelecom Masters"]
[Site "Gibraltar ENG"]
[Date "2006.01.28"]
[Round "5"]
[White "Schramm,B"]
[Black "Nadig,K"]
[Result "1/2-1/2"]
[WhiteElo "2126"]
[BlackElo "2237"]

1.e4 e5 2.Nf3 Nc6 3.Bb5 a6 4.Ba4 Nf6 5.O-O b5 6.Bb3 Bb7 7.d3 Be7 8.Nc3 d6
9.a3 O-O 10.h3 Na5 11.Ba2 c5 12.b4 cxb4 13.axb4 Nc6 14.Nd5 Nxd5 15.Bxd5 Qc7
16.Bd2 Bf6 17.c4 Ne7 18.Qb3 Nxd5 19.cxd5 Be7 20.Rfc1 Qd7 21.Rc2 Rfc8 22.Rac1 Rxc2
23.Rxc2 Rc8 24.Kf1 g6 25.Rxc8+ Qxc8 26.Qc3 f5 27.Qxc8+ Bxc8 28.Bc3 Bd8 29.Ke2 Bb6
30.Nd2 Kf7 31.Nb3 h5 32.f3 g5 33.d4 exd4 34.Bxd4 Bd8 35.Kd3 g4 36.hxg4 hxg4
37.Ke3 Bh4 38.Na5 Be1 39.Nc6 fxe4 40.fxe4 Ke8 41.Kd3 Bd7 42.Nb8 Bxb4 43.Nxa6 Be1
44.Ke2 Bg3 45.Nb4 Kd8 46.Nd3 Bh4 47.Nb4 Kc8 48.Nd3 Be8 49.e5 Bg6 50.Nf4 Bf5
51.exd6 Bg3 52.Be5 Be4 53.Ke3 Bxg2 54.Nd3 Bh4 55.Kf4 Bh3 56.Bd4 g3 57.Ne5 g2
58.Nf3 Bd8 59.Kg3 Bf5 60.Kxg2 Be4 61.Kf2 Bxd5 62.Ne5 b4 63.Ke2 b3 64.Kd3 Ba5
65.Bc3 Bb6 66.Kd2 Be4 67.Kc1 Bd5 68.Kb2 Be6 69.Nd3 Kd7 70.Nc1 Kxd6 71.Nxb3  1/2-1/2

[Event "IM"]
[Site "Marianske Lazne CZE"]
[Date "2006.01.28"]
[Round "10"]
[White "Poulsen,I"]
[Black "Zvara,P"]
[Result "0-1"]
[WhiteElo "2196"]
[BlackElo "2391"]

1.e4 e5 2.Nf3 Nc6 3.Bb5 a6 4.Ba4 Nf6 5.O-O b5 6.Bb3 Bb7 7.c3 Nxe4 8.d4 Na5
9.Bc2 exd4 10.Bxe4 Bxe4 11.Re1 d5 12.Nxd4 c5 13.Nf5 Qd7 14.Ng3 O-O-O 15.a4 b4
16.Qe2 Nb3 17.Nxe4 dxe4 18.Qxe4 Qd5 19.Qxd5 Rxd5 20.Ra2 Bd6 21.Be3 Rd8 22.Kf1 f5
23.g3 Rd7 24.Ke2 Be7 25.h4 Kb7  0-1

[Event "Gibtelecom Masters"]
[Site "Gibraltar ENG"]
[Date "2006.01.29"]
[Round "6"]
[White "Nadig,K"]
[Black "Coimbra,M"]
[Result "1-0"]
[WhiteElo "2237"]
[BlackElo "2083"]

1.e4 e5 2.Nf3 Nc6 3.Bb5 a6 4.Ba4 Nf6 5.O-O b5 6.Bb3 Bb7 7.d3 Be7 8.Nc3 d6
9.a4 b4 10.Nd5 Nxd5 11.Bxd5 Rb8 12.Bd2 O-O 13.Qe1 a5 14.Bxc6 Bxc6 15.c3 bxc3
16.Bxc3 Qd7 17.Qd1 f5 18.Qc2 fxe4 19.dxe4 Rxf3 20.gxf3 Qh3 21.Bxa5 Bg5 22.Bd2 Bxd2
23.Qxd2 Qxf3 24.Ra3 Qxe4 25.f3 Qg6+ 26.Qg2 Qf6 27.Qc2 Bd5 28.a5 e4 29.fxe4 Qd4+
30.Rf2 Bxe4 31.Qd2 Qc5 32.Qf4 Bd5 33.Qe3 Qc4 34.h3 c5 35.a6 h6 36.a7 Ra8
37.Qf4 Be4 38.Rc3 Qe6 39.Re2 d5 40.Qb8+ Qe8 41.Qxe8+ Rxe8 42.Rxe4 dxe4 43.Rb3  1-0

[Event "Open"]
[Site "Moscow RUS"]
[Date "2006.01.31"]
[Round "3"]
[White "Czarnota,P"]
[Black "Prosviriakov,V"]
[Result "1/2-1/2"]
[WhiteElo "2497"]
[BlackElo "2387"]

1.e4 e5 2.Nf3 Nc6 3.Bb5 a6 4.Ba4 Nf6 5.O-O b5 6.Bb3 Bb7 7.d3 Bd6 8.Nc3 h6
9.a4 b4 10.Ne2 O-O 11.a5 Re8 12.c3 Bf8 13.Bc4 d5 14.exd5 Na7 15.Ng3 Nxd5
16.Bd2 bxc3 17.bxc3 Nb5 18.Qb3 c6 19.Rfe1 Qc7 20.d4 exd4 21.cxd4 Rad8 22.Nf5 Rxe1+
23.Rxe1 Bc8 24.Ne3 Be6 25.Rc1 Qa7 26.Nxd5 Bxd5 27.Bxd5 cxd5 28.Be3 Bd6 29.h3 Qd7
30.Bd2 Bb8 31.Qc2 Ba7 32.Be3 Re8 33.Ne5 Qe6 34.Nc6 Bb8 35.Nxb8 Rxb8 36.Qc6 Qxc6
37.Rxc6 Ra8 38.f4 Kf8 39.f5 Ke7 40.g4 Ra7 41.Kf2 Nd6 42.Bf4 Nc4 43.Rc5 Rd7
44.Ke2 Ke8 45.f6 gxf6 46.Bxh6 Rd6 47.Bf4 Rd7 48.h4 Kf8 49.Kf3 Kg7 50.h5 Rd8
51.Ke2 Re8+ 52.Kf3 Rd8 53.Bc7 Rd7 54.Bf4 Rd8  1/2-1/2

[Event "Gibtelecom Masters"]
[Site "Gibraltar ENG"]
[Date "2006.02.01"]
[Round "9"]
[White "Kobese,W"]
[Black "Nadig,K"]
[Result "1/2-1/2"]
[WhiteElo "2397"]
[BlackElo "2237"]

1.e4 e5 2.Nf3 Nc6 3.Bb5 a6 4.Ba4 Nf6 5.O-O b5 6.Bb3 Bb7 7.d4 Nxd4 8.Nxd4 exd4
9.e5 Ne4 10.f3 Nc5 11.Qxd4 Ne6 12.Qg4 Bc5+ 13.Kh1 Qe7 14.Nc3 O-O-O 15.Nd5 Bxd5
16.Bxd5 c6 17.Bb3 h5 18.Qe4 h4 19.a4 Nc7 20.axb5 axb5 21.Be3 Rh5 22.f4 d5
23.Qf3 Rh7 24.c3 Kb7 25.Bc2 Rhh8 26.b4 Bxe3 27.Qxe3 d4 28.Qf2 Qe6 29.Be4 Qc4
30.h3 Nd5 31.cxd4 Qxb4 32.Rfb1 Qc4 33.Rc1 Qb3 34.Rab1 Qa4 35.Rc5 Rh6 36.Qf3 Qxd4
37.Rbc1 Kb6 38.f5 Qxe5 39.Qf2 Kb7 40.Qe2 Rhd6 41.Qc2 Qf6 42.Qb3 Qe5 43.Qc2 Qf6
44.Qb3 Qe5 45.Qc2  1/2-1/2

[Event "SFch-NED"]
[Site "Hilversum NED"]
[Date "2006.02.11"]
[Round "1.1"]
[White "De Rover,YH"]
[Black "Van der Wiel,J"]
[Result "0-1"]
[WhiteElo "2204"]
[BlackElo "2505"]

1.e4 e5 2.Nf3 Nc6 3.Bb5 a6 4.Ba4 Nf6 5.O-O b5 6.Bb3 Bb7 7.c3 Nxe4 8.d4 Na5
9.Nxe5 Nxb3 10.Qxb3 Nd6 11.Qd1 Be7 12.Qg4 g6 13.Re1 f6 14.Nd3 O-O 15.Bh6 Re8
16.Nd2 Nf5 17.Bf4 d6 18.h4 Ng7 19.Qd1 Bf8 20.Qb3+ Kh8 21.Bh6 Qd7 22.Nf4 Ne6
23.Nxe6 Bxh6 24.Nf1 Re7 25.Re2 Rae8 26.Rae1 Bxg2 27.Kxg2 d5 28.Nf4 Bxf4 29.Rxe7 Rxe7
30.Rxe7 Qxe7 31.Qxd5 Kg7 32.Qf3 Bc1 33.b3 f5 34.h5 Qg5+ 35.Qg3 gxh5 36.Qxg5+ Bxg5
37.Ng3 Kg6 38.Ne2 Bd2 39.Kg3 Be1 40.c4 bxc4 41.bxc4 h4+ 42.Kf3 Bd2 43.Ng1 Bc3
44.Ne2 Bd2 45.Ng1 Kf6 46.Nh3 Bc1 47.Ke2 f4 48.Kf3 Kf5 49.c5 Bd2 50.d5 Ke5
51.d6 cxd6 52.cxd6 Kxd6 53.Nxf4 Kc5 54.Ne6+ Kb4 55.Kg4 a5 56.Nd4 a4 57.Nc2+ Kc3
58.Na3 Bc1 59.Nb5+ Kb2 60.f4 h3 61.Kxh3 Bxf4 62.Kg4 Be5 63.Kf5 Bh8 64.a3 Kb3
65.Ke4 Bb2 66.Kd3 h5 67.Nd6 h4 68.Ke3 Bxa3 69.Ne4 Bb4 70.Nf2 Bc5+  0-1

[Event "ch-GER"]
[Site "Osterburg GER"]
[Date "2006.02.11"]
[Round "9"]
[White "Luther,T"]
[Black "Graf,A"]
[Result "1-0"]
[WhiteElo "2569"]
[BlackElo "2604"]

1.e4 e5 2.Nf3 Nc6 3.Bb5 a6 4.Ba4 Nf6 5.O-O b5 6.Bb3 Bb7 7.c3 Nxe4 8.d4 Na5
9.Bc2 exd4 10.b4 d5 11.bxa5 dxc3 12.Qe1 Qf6 13.Bg5 Qe6 14.Nxc3 Bb4 15.Nxd5 Qxd5
16.Qxb4 Nxg5 17.Rfe1+ Ne6 18.Be4 Qd6 19.Qxd6 cxd6 20.Bxb7 Ra7 21.Bc6+ Ke7
22.Nd4 Kf6 23.Rad1  1-0

[Event "US Amateur Team East"]
[Site "Parsippany USA"]
[Date "2006.02.19"]
[Round "4"]
[White "Grasso,D"]
[Black "Friedel,J"]
[Result "0-1"]
[WhiteElo "2177"]
[BlackElo "2455"]

1.e4 e5 2.Nf3 Nc6 3.Bb5 a6 4.Ba4 Nf6 5.O-O b5 6.Bb3 Bb7 7.c3 Nxe4 8.d4 Na5
9.Bc2 exd4 10.Nxd4 c5 11.Nf5 d5 12.Nd2 g6 13.Ng3 Nxd2 14.Qxd2 Be7 15.Re1 Qd6
16.Qg5 Kd7 17.Qg4+ Kc6 18.Bf4 Qd7 19.Qf3 Kb6 20.Be5 f6 21.Bxf6 Bxf6 22.Qxf6+ Nc6
23.Rad1 Rhf8 24.Qg5 Rae8 25.h4 Qf7 26.f3 Qc7 27.Rxe8 Rxe8 28.Rxd5 Ne5 29.Qf6+ Ka7
30.Qd6 Qxd6 31.Rxd6 Re7 32.b3 Kb8 33.Ne4 Kc7 34.Rd2 b4 35.cxb4 cxb4 36.Rd4 a5
37.Kf2 Nd7 38.Nd6 Nc5 39.Nc4 Ba6 40.h5 gxh5 41.Rd5 Kc6 42.Rxh5 Bxc4 43.bxc4 a4
44.Rh6+ Kd7 45.Rb6 b3 46.axb3 axb3 47.Bxb3 Kc7 48.Rb5 Nd3+ 49.Kg1 Kc6 50.Bc2 Nf4
51.Be4+ Kd6 52.c5+ Ke5 53.c6+ Kd6 54.Rb7 h6 55.Kf2 Re5 56.Rf7 Ne6 57.Rd7+ Kc5
58.c7  0-1

[Event "U20ch-RUS"]
[Site "Cheboksary RUS"]
[Date "2006.03.07"]
[Round "6"]
[White "Khairullin,I"]
[Black "Tomashevsky,E"]
[Result "0-1"]
[WhiteElo "2533"]
[BlackElo "2586"]

1.e4 e5 2.Nf3 Nc6 3.Bb5 a6 4.Ba4 Nf6 5.O-O b5 6.Bb3 Bb7 7.d3 Be7 8.Nc3 O-O
9.Bd2 d6 10.Ne2 Nd7 11.Ng3 Nc5 12.Bd5 Rb8 13.b4 Ne6 14.c3 Bf6 15.Nh5 Na7
16.Be3 Nc8 17.d4 exd4 18.cxd4 Re8 19.Bxb7 Rxb7 20.Qc2 Nb6 21.Nxf6+ Qxf6 22.d5 Nf4
23.Nd2 Na4 24.Rae1 Rbb8 25.g3 Ng6 26.Rc1 Rbc8 27.f4 Ne7 28.Qd3 c6 29.Bd4 Qh6
30.f5 cxd5 31.Rxc8 Rxc8 32.f6 Nc6 33.exd5 Nxd4 34.Qxd4 Nc3 35.Qg4 Re8 36.Qd7 Qe3+
37.Kh1 Nxd5 38.fxg7 Qe6 39.Qa7 Ne3 40.Rf3 Qd5 41.Qd7 Qe6 42.Qa7 Ng4 43.Qd4 Qe1+
44.Nf1 Qe4 45.Qxe4 Rxe4 46.Ra3 Rxb4 47.Rxa6 Rb2 48.Rxd6 Rxa2 49.Rd4 Ra4 50.Rd5 Rb4
51.h3 Nf6 52.Rf5 Kxg7 53.Kg2 Rb3 54.g4 Ne4 55.Re5 Nd6 56.Ng3 Kf6 57.Rh5 b4
58.Rxh7 Rd3 59.Rh8 b3 60.Rb8 Ke5 61.Ne2 Rd2 62.Kf2 b2 63.Ke1 Nc4 64.Rb5+ Ke4
65.Rb4 Ke3 66.Nc3 Rc2 67.Nd1+ Kd3 68.Rb3+ Kd4 69.Nxb2 Nxb2 70.Rf3 Nd3+ 71.Kf1 Ne5
72.Rf2 Rc3 73.Kg2 Ke4 74.Rf5 Kd5 75.g5 Ke6 76.Rf6+ Ke7 77.h4 Ng6 78.h5 Rc5  0-1

[Event "Glitnir Blitz"]
[Site "Reykjavik ISL"]
[Date "2006.03.16"]
[Round "5.1"]
[White "Sutovsky,E"]
[Black "Stefansson,H"]
[Result "0-1"]
[WhiteElo "2624"]
[BlackElo "2585"]

1.e4 e5 2.Nf3 Nc6 3.Bb5 a6 4.Ba4 Nf6 5.O-O b5 6.Bb3 Bb7 7.d3 Be7 8.a3 O-O
9.Re1 d6 10.Nbd2 Bc8 11.Nf1 Be6 12.c3 Re8 13.Ng3 Bf8 14.d4 h6 15.h3 Na5 16.Qc2 Nc4
17.d5 Nb6 18.c4 Rc8 19.Qe2 c6 20.Bd2 Rc7 21.Ba5 Nfd7 22.a4 bxa4 23.Rxa4 Qb8
24.Raa1 Rec8 25.Nd2  0-1

[Event "ch-ARG s/f"]
[Site "Buenos Aires ARG"]
[Date "2006.03.22"]
[Round "2"]
[White "Della Morte,P"]
[Black "Pierrot,F"]
[Result "1/2-1/2"]
[WhiteElo "2302"]
[BlackElo "2452"]

1.e4 e5 2.Nf3 Nc6 3.Bb5 a6 4.Ba4 Nf6 5.O-O b5 6.Bb3 Bb7 7.Re1 Bc5 8.c3 d6
9.d4 Bb6 10.a4 h6 11.Nh4 Ne7 12.Qd3 O-O 13.axb5 axb5 14.Rxa8 Qxa8 15.Bc2 Qa5
16.Nd2 c5 17.d5 c4 18.Qf3 Bc8 19.h3 Ng6 20.Nf5 Bxf5 21.exf5 Nf4 22.Ne4 N4xd5
23.Nxd6 Bc7 24.Ne4 Nxe4 25.Bxe4 Nf6 26.Rd1 Qa4 27.Re1 Rd8 28.Qe2 b4 29.Bc2 Qa5
30.Qxc4 bxc3 31.Qxc3 Qxc3 32.bxc3 Ba5 33.Rxe5 Bxc3 34.Re2 Ra8 35.Kh2 Bd4
36.Bf4 Ra2 37.Rd2 Bb6 38.Bd1  1/2-1/2

[Event "ch-ARG s/f"]
[Site "Buenos Aires ARG"]
[Date "2006.03.25"]
[Round "6"]
[White "Fusco,L"]
[Black "Pierrot,F"]
[Result "1/2-1/2"]
[WhiteElo "2269"]
[BlackElo "2452"]

1.e4 e5 2.Nf3 Nc6 3.Bb5 a6 4.Ba4 Nf6 5.O-O b5 6.Bb3 Bb7 7.Re1 Bc5 8.c3 d6
9.d4 Bb6 10.Be3 O-O 11.Nbd2 h6 12.h3 Qd7 13.d5 Ne7 14.Bxb6 cxb6 15.Kh2 Nh7
16.Nf1 Kh8 17.Qd2 f5 18.exf5 Rxf5 19.Ng3 Rxf3 20.gxf3 Ng5 21.Qd3 Qxh3+ 22.Kg1 Rf8
23.Re3 Bc8 24.Bd1 Rf4 25.Qf1 Qd7 26.Qd3 Bb7 27.Bb3 Qh3 28.Rd1 Kg8 29.Rd2 Rxf3
30.Bd1 Rf4 31.Nh5 Rg4+ 32.Rg3 Rxg3+ 33.Qxg3 Qf5 34.Qg2 e4 35.Ng3 Qe5 36.Nxe4 Nxe4
37.Re2 Bxd5 38.Bb3 Bxb3 39.Rxe4 Qf6 40.axb3 Ng6 41.Rd4 Ne5 42.f4 Nf7 43.Qe4 g5  1/2-1/2

[Event "43rd ch-IND"]
[Site "Visakhapatnam IND"]
[Date "2006.04.04"]
[Round "2"]
[White "Singh,DP"]
[Black "Sharma,Di"]
[Result "1/2-1/2"]
[WhiteElo "2395"]
[BlackElo "2370"]

1.e4 e5 2.Nf3 Nc6 3.Bb5 a6 4.Ba4 Nf6 5.O-O b5 6.Bb3 Bb7 7.Re1 Bc5 8.c3 d6
9.d4 Bb6 10.a4 h6 11.Be3 Ng4 12.Bd5 Nxe3 13.fxe3 O-O 14.Nbd2 Rb8 15.Rf1 Ne7
16.Bxb7 Rxb7 17.Qe1 Ng6 18.axb5 axb5 19.Qg3 Qe7 20.Kh1 Ra7 21.Rxa7 Bxa7 22.h4 Re8
23.h5 Nf8 24.Nh4 Qg5 25.Qxg5 hxg5 26.Nhf3 f6  1/2-1/2